Skupina

Podrobná bibliografia
Hlavný autor: Maccarthy, Mary (Autor)
Ďalší autori: Šimečková, Eva, 1931-2003 (Prekladateľ, Anotátor, autor rukopisných poznámok)
Médium: Kniha
Jazyk:slovenčina
angličtina
Fyzický popis:389, [1] s. 8°
Vydavateľské údaje: Bratislava Smena 1967
Predmet:

MARC

LEADER 00000nam a2200000 a 4500
001 vtls008310477
003 SK-MaSNL
005 20260301074855.0
008 210928s1967 xo 000 slo
015 |a SKSNBA1968/01-00172 
035 |a SK01SNK19680002694 
035 |a SKM000005157 
040 |a SNK  |b slo  |c SNK  |e AACR2 
041 1 |a slo  |h eng 
044 |a xo  |c SK 
080 |a 820(73)-3=854  |2 1981 
100 1 |a Maccarthy, Mary  |4 aut  |9 398151 
240 1 0 |a The Group  |l Slovensky 
245 1 0 |a Skupina  |c Mary Maccarthy ; z angl. orig. The Group prel., pozn. a doslov nap. Eva Šimečková ; ilustr. Rena Vlachová 
260 |a Bratislava  |b Smena  |c 1967  |e Košice  |f Východoslovenské tlačiarne 
300 |a 389, [1] s.  |c 8° 
500 |a Frontispice 
563 |a 5000 výtl. 
650 0 7 |a americké romány  |2 SNK  |9 281747 
655 7 |a knihy  |2 SNKPH  |9 307098 
700 1 |a Šimečková, Eva,  |d 1931-2003  |4 trl  |4 ann  |9 169615 
730 |a The Group  |9 398152 
852 |a Slovenská národná knižnica v Martine  |b 10000  |h SD 32549 
852 |a Slovenská národná knižnica v Martine  |b 10000  |h SD 32549 D1 
919 |a viaz. 
958 |a TL 
958 |a US 
958 |a LX 
958 |a RK 
958 |a OND 
999 |c 648492  |d 650422 
952 |a SNK  |b SNK  |y PREZ  |7 0  |p 17A1344993  |o snkSD 32549 D1  |i snkKSP 1231/68  |0 0  |1 0  |4 0  |d 2019-10-24  |l 0  |r 2026-02-23 18:14:28  |w 2026-02-23